000 00449cam a22001931 4500
001 sa 66002506
003 DLC
005 20260227112230.0
008 881028s1965 xx 000 0 beno
010 _asa 66002506
035 _a(OCoLC)23580035
040 _aDLC
_cMiU
_dDLC
050 0 0 _aPK1730.13.A68
_bM3
100 0 _aBari Debi.
245 1 0 _aMālābāra hoṭela.
260 _c[1965]
300 _a185 p.
_c22 cm.
500 _aRomanized.
999 _c68409
_d68409